1592 1236 1020 1504 1371 1891 1597 1398 1789 1367 1861 1205 1921 1360 1906 1713 1675 1206 1970 1580 1917 1977 1283 1036 1283 1610 1670 1064 1295 1019 1637 1698 1682 1006 1614 1992 1057 1043 1341 1413 1485 1769 1840 1746 1258 1335 1498 1206 1938 1832 1800 1081 1790 1199 1204 1757 1636 1845 1358 1611 1355 1511 1980 1034 1930 1469 1688 1587 1675 1610 1398 1569 1891 1510 1002 1866 1067 1212 1092 1965 1111 1751 1984 1278 1123 1537 1253 1556 1519 1394 1187 1880 1636 1302 1338 1750 1700 1249 1838 BCNSPRNW ULIB Ver.6.0+V

เปลี่ยนเป็นภาษาไทย

Change to English
 แสดงรายละเอียดบรรณานุกรม
  กลับหน้าหลัก

Brief Record : Get Marc (ISO 2709) : E-mail record : QR code < ปิดหน้าต่าง
LEADER : 00000nam 2200000uu 4500
001    13399122247
003     ULIB
008    130116s||||||||th 000 0 tha d
020    ^a9786162131110
050    ^aPL4167^bฐ361ร
100    ^aฐิติรัตน์ เกิดหาญ
245    ^aร้อยแปด (108) คำควบกล้ำ
250    ^aพิมพ์ครั้งที่ 1
260    ^aสกายบุ๊กส์ :^bปทุมธานี,^c2554
300    ^a264 หน้า;^b21 ซม.
650    ^aคำควบกล้ำ^xภาษาไทย
945    ^p115^l0^i19740
945    ^p115^l0^i19784
999    ^aใช้งานได้ทุกระบบ
รายการนี้ยังไม่มีแท็ก
คุณยังไม่ได้ล็อกอิน คุณสามารถมีกิจกรรมร่วมกับเว็บไซต์ได้ แต่ต้องล็อกอินก่อน ::
  ล็อกอิน

รายการสื่อสารสนเทศ

ลำดับที่ ประเภท เลขเรียก/บาร์โค้ด สถานที่ สถานะ
1. การศึกษาทั่วไป
การศึกษาทั่วไป
PL4167 ฐ361ร  
  Barcode: 19740
ห้องสมุดวิทยาเขตสวรรค์ประชารักษ์
►หนังสือทั่วไป
บนชั้น
2. การศึกษาทั่วไป
การศึกษาทั่วไป
PL4167 ฐ361ร ฉ.2 
  Barcode: 19784
ห้องสมุดวิทยาเขตสวรรค์ประชารักษ์
►หนังสือทั่วไป
บนชั้น

รายการใกล้เคียง
    ชื่อเรื่อง [ร้อยแปด (108) คำควบกล้ำ]

    ผู้แต่ง [ฐิติรัตน์ เกิดหาญ]

BibComment


ยังไม่เคยถูกคอมเมนท์

คอมเมนท์ทรัพยากรรายการนี้
  คอมเมนท์: ร้อยแปด 108 คำคว..


 Copyright 2026. Bcnsprnw @Library